[Event "Titled Tue 26th Aug Early"]
[Site "chess.com INT"]
[Date "2025.08.26"]
[Round "11"]
[White "Pribelszky, Bence"]
[Black "Reprintsev, Alexander"]
[Result "0-1"]
[WhiteTitle "IM"]
[BlackTitle "IM"]
[WhiteElo "2428"]
[BlackElo "2256"]
[WhiteFideId "769738"]
[BlackFideId "14100541"]
[EventDate "2025.08.26"]

1. g3 f5 2. Bg2 Nf6 3. Nf3 d6 4. O-O e5 5. c4 Nc6 6. Nc3 Be7 7. d3 O-O 8. Rb1 a5
9. a3 Be6 10. b4 axb4 11. axb4 h6 12. b5 Na5 13. Bd2 Qd7 14. Ne1 c5 15. bxc6
bxc6 16. Nc2 Ra7 17. f4 e4 18. Be3 c5 19. dxe4 Nxc4 20. Bf2 fxe4 21. Nxe4 Nxe4
22. Bxe4 d5 23. Bd3 d4 24. e3 Nxe3 25. Nxe3 dxe3 26. Bxe3 Kh8 27. Be4 Ra3 28.
Qxd7 Bxd7 29. Bf2 Bh3 30. Rfc1 Rc8 31. Rb7 Bf8 32. Rb5 c4 33. f5 c3 34. Be3 c2
35. Kf2 Rac3 36. f6 Ba3 37. fxg7+ Kxg7 38. Bd4+ Kf7 39. Bxc3 Bxc1 40. Rb7+ Ke6
41. Rb6+ Kd7 42. Bxc2 Rxc3 43. Ba4+ Kc7 44. Rg6 Bf5 45. Rg7+ Kb6 46. Bd1 Be4 47.
Re7 Bc6 48. Re6 Rc5 49. h4 Bb2 50. g4 Kc7 51. Rxh6 Bd4+ 52. Kg3 Be5+ 53. Kf2 Rc3
54. Rh7+ Kb6 55. Re7 Bg3+ 56. Ke2 Bxh4 57. Kd2 Rg3 58. Rh7 Bg5+ 59. Ke1 Rg1+ 60.
Ke2 Bb5+ 61. Kf2 Rxd1 62. Rg7 Bf6 63. Rg6 Rd6 64. g5 Bd4+ 65. Kf3 Rxg6 66. Ke4
Bg7 67. Kf5 Bd3+ 68. Kf4 Bf8 0-1

[Event "Titled Tue 26th Aug Early"]
[Site "chess.com INT"]
[Date "2025.08.26"]
[Round "11"]
[White "Atzl, Florian"]
[Black "Osetrov, Dmitrij"]
[Result "1-0"]
[WhiteTitle "CM"]
[BlackTitle "CM"]
[WhiteElo "2146"]
[BlackElo "2202"]
[WhiteFideId "1635891"]
[BlackFideId "44139713"]
[EventDate "2025.08.26"]

1. e4 c5 2. Nf3 a6 3. c4 Nc6 4. d4 cxd4 5. Nxd4 Nf6 6. Nc3 e5 7. Nc2 Bc5 8. Be3
d6 9. Be2 O-O 10. O-O Be6 11. b3 Rc8 12. Rc1 Qa5 13. Bd2 Qd8 14. Kh1 Nd4 15. f3
Nh5 16. Qe1 Nf4 17. Bxf4 exf4 18. Nxd4 Bxd4 19. Rd1 Ba7 20. Bd3 Qg5 21. Bc2 Rfd8
22. Nd5 b5 23. Qa5 bxc4 24. bxc4 Rxc4 25. Bb3 Rc6 26. Rc1 Rdc8 27. Rxc6 Rxc6 28.
Ba4 Rc8 29. Qxa6 Be3 30. Qb7 Rf8 31. Bb3 h6 32. a4 Qd8 33. Ra1 Qb8 34. Ne7+ Kh7
35. Qxb8 Rxb8 36. Bxe6 fxe6 37. a5 Ra8 38. a6 h5 39. Nc6 h4 40. a7 d5 41. exd5
exd5 42. Rd1 Bxa7 43. Ra1 d4 44. Rxa7 Rxa7 45. Nxa7 Kg6 46. Nb5 d3 47. Nc3 Kf5
48. Kg1 Ke5 49. Kf2 Kd4 50. Ne4 h3 51. gxh3 g6 52. h4 Kc4 53. Ke1 Kd5 54. Kd2
Kd4 55. h5 gxh5 56. h4 Ke5 57. Kxd3 Kd5 58. Nf6+ Ke5 59. Nxh5 Kf5 60. Ng7+ Kg6
61. Ke4 Kxg7 62. Kxf4 Kf6 63. Kg4 Kg6 64. f4 Kf6 65. f5 Kg7 66. Kf4 Kf6 67. Kg4
Kg7 68. Kg5 Kh7 69. Kf6 Kh6 70. Ke7 Kh5 71. f6 1-0

[Event "Titled Tue 26th Aug Early"]
[Site "chess.com INT"]
[Date "2025.08.26"]
[Round "11"]
[White "Rodrigues Mota, Romulo Cardoso S"]
[Black "Silwal, Purushottam"]
[Result "1-0"]
[BlackTitle "CM"]
[WhiteElo "1940"]
[BlackElo "2129"]
[WhiteFideId "2187442"]
[BlackFideId "12332313"]
[EventDate "2025.08.26"]

1. e4 c5 2. Nf3 d6 3. d4 cxd4 4. Nxd4 Nf6 5. Nc3 a6 6. f3 e5 7. Nb3 Be6 8. Be3
h5 9. Qd2 Nbd7 10. O-O-O Rc8 11. Nd5 Bxd5 12. exd5 Nb6 13. Qa5 Nc4 14. Qxd8+
Kxd8 15. Bxc4 Rxc4 16. Na5 Rb4 17. a3 Ra4 18. b3 Rxa3 19. Kb2 Rxa5 20. Bb6+ Kc8
21. Bxa5 g6 22. Rd3 Bg7 23. Rc3+ Kb8 24. Rd1 Rc8 25. Rxc8+ Kxc8 26. c4 Nd7 27.
Bb4 Kc7 28. Kc2 b6 29. Ra1 a5 30. Bd2 f5 31. b4 axb4 32. Ra7+ Kc8 33. Bxb4 Bf8
34. Kb3 Be7 35. Ka4 e4 36. fxe4 fxe4 37. Kb5 e3 38. Kc6 Ne5+ 39. Kxb6 Bd8+ 40.
Ka6 Nxc4 41. Kb5 Ne5 42. Bxd6 e2 43. Bb4 Nd3 44. Ra1 Bf6 45. Rh1 Bg5 46. Bc3 Bh4
47. g3 Bg5 48. Kc4 Nc1 49. Re1 Kd7 50. Kd4 Bf6+ 51. Kc4 Bg5 52. Bb4 h4 53. gxh4
Be3 54. Kc3 Bf2 55. Kc2 Bxe1 56. Bxe1 Na2 57. Kb2 Kd6 58. Kxa2 Kxd5 59. Kb2 Ke4
60. Kc2 Kf3 61. Kc3 Kg2 62. Kd3 Kxh2 63. Kxe2 Kh3 64. Kf3 Kh2 65. Kg4 Kg2 66.
Kg5 1-0

[Event "Titled Tue 26th Aug Early"]
[Site "chess.com INT"]
[Date "2025.08.26"]
[Round "11"]
[White "Mikhailovsky, Vladimir"]
[Black "Durarbayli, Vasif"]
[Result "0-1"]
[WhiteTitle "CM"]
[BlackTitle "GM"]
[WhiteElo "2215"]
[BlackElo "2612"]
[WhiteFideId "34105414"]
[BlackFideId "13402935"]
[EventDate "2025.08.26"]

1. e4 c5 2. c3 d5 3. exd5 Qxd5 4. d4 Nf6 5. Nf3 e6 6. Na3 cxd4 7. Nb5 Qd7 8.
Nbxd4 Nc6 9. Nxc6 Qxd1+ 10. Kxd1 bxc6 11. Kc2 Ng4 12. Be2 Bc5 13. h3 Nxf2 14.
Rf1 Ne4 15. Bd3 Nf6 16. Ne5 Bb7 17. g4 h6 18. b4 Bd6 19. Nc4 Bc7 20. Be3 Nd5 21.
Bc5 Ba6 22. Rad1 f6 23. Bg6+ Kd7 24. Bd3 Ke8 25. Bg6+ Kd7 26. Bd3 Bb5 27. Rde1
Rhe8 28. Nb2 Bxd3+ 29. Nxd3 Bb6 30. a4 Kc7 31. a5 Bxc5 32. Nxc5 e5 33. h4 Rad8
34. g5 hxg5 35. hxg5 Nf4 36. gxf6 gxf6 37. Rh1 Re7 38. Rh6 Rf7 39. Re4 Rg8 40.
Kb3 Rg1 41. Re3 Nd5 42. Rd3 Re1 43. c4 Nf4 44. Rh8 Nxd3 45. Na6+ Kd7 46. Nb8+
Ke6 47. Nxc6 Rc7 48. Nd8+ Ke7 49. Kc3 Nf4 50. b5 Rc1+ 51. Kd2 R1xc4 52. b6 axb6
53. axb6 Rc2+ 54. Ke3 R7c3+ 55. Ke4 Rb2 56. Kf5 Rxb6 57. Nb7 Rxb7 58. Rh7+ Kd6
59. Rxb7 Nd5 60. Rb2 Rf3+ 61. Ke4 Rf4+ 62. Kd3 e4+ 63. Kd4 e3+ 64. Kd3 Ke5 65.
Rb8 Rd4+ 66. Ke2 Rd2+ 67. Kf3 Rf2+ 68. Kg3 f5 69. Re8+ Kd4 70. Re6 f4+ 71. Kg4
e2 72. Kf5 f3 73. Re4+ Kd3 74. Re5 Ne3+ 75. Kf4 e1=Q 76. Kg3 Rg2+ 77. Kf4 Qg3# 0-1

[Event "Titled Tue 26th Aug Early"]
[Site "chess.com INT"]
[Date "2025.08.26"]
[Round "11"]
[White "Willim, Michael"]
[Black "Karunasena, A P Chenitha Sihas Dinsara"]
[Result "1-0"]
[WhiteTitle "CM"]
[BlackTitle "CM"]
[WhiteElo "2023"]
[BlackElo "2026"]
[WhiteFideId "4632435"]
[BlackFideId "29982596"]
[EventDate "2025.08.26"]

1. c4 e5 2. Nc3 Nc6 3. Nf3 f5 4. d4 e4 5. Ng5 Be7 6. Nh3 Bf6 7. e3 Nge7 8. Nf4
O-O 9. h4 d6 10. g3 Nb8 11. Be2 c6 12. Qb3 Kh8 13. Bd2 a6 14. a4 Qe8 15. a5 Qf7
16. Bh5 Qg8 17. d5 Nd7 18. Ne6 Ne5 19. Nxf8 Nd3+ 20. Ke2 Qxf8 21. Kf1 g6 22. Be2
Nc5 23. Qc2 Qg8 24. b4 Nd7 25. Rd1 Ne5 26. Bc1 cxd5 27. Nxd5 Nxd5 28. Rxd5 Qf8
29. Bb2 Be6 30. Rd2 Rc8 31. Kg2 Kg8 32. Rhd1 Be7 33. c5 Nf3 34. cxd6 Rxc2 35.
dxe7 Rxd2 36. exf8=Q+ Kxf8 37. Rxd2 Nxd2 38. Bd4 Nb3 39. Bb6 Nc1 40. Bf1 Bd7 41.
f3 Bb5 42. Bxb5 axb5 43. g4 Nd3 44. h5 exf3+ 45. Kxf3 Ne5+ 46. Kf4 Nxg4 47. hxg6
hxg6 48. e4 Nh6 49. Kg5 Kg7 50. Bd4+ Kh7 51. e5 Nf7+ 52. Kf6 Nd8 53. e6 Nc6 54.
e7 Nxe7 55. Kxe7 g5 56. Kf6 Kh6 57. Kxf5 Kh5 58. Bf2 g4 59. Ke5 Kg5 60. Bg3 1-0

[Event "Titled Tue 26th Aug Early"]
[Site "chess.com INT"]
[Date "2025.08.26"]
[Round "11"]
[White "Shubhi Gupta"]
[Black "Kavyev, Ruslan"]
[Result "0-1"]
[WhiteTitle "WFM"]
[BlackTitle "FM"]
[WhiteElo "2213"]
[BlackElo "2179"]
[WhiteFideId "25195425"]
[BlackFideId "34110981"]
[EventDate "2025.08.26"]

1. Nf3 Nf6 2. e3 g6 3. c4 Bg7 4. Nc3 O-O 5. b3 d5 6. Bb2 c6 7. Be2 Bg4 8. O-O e6
9. d4 Nbd7 10. Rc1 a5 11. Ba3 Re8 12. Ne5 Bxe2 13. Qxe2 Nxe5 14. dxe5 Nd7 15. f4
a4 16. Bd6 axb3 17. axb3 Qb6 18. Rb1 f6 19. Na4 Qa6 20. exf6 Bxf6 21. Nc5 Nxc5
22. Bxc5 Qa2 23. Qg4 Qc2 24. Bd4 Bxd4 25. exd4 Qe4 26. Rfd1 Ra2 27. Kh1 Kg7 28.
h3 Rf8 29. Re1 Qxf4 30. Qxe6 Qxd4 31. Rf1 Raf2 32. Rfd1 Qe4 33. Qxe4 dxe4 34.
Re1 Re8 35. Re3 h5 36. Rbe1 Rb2 37. Rd1 Re7 38. Rd4 Kf6 39. c5 Kf5 40. b4 Kf4
41. Re1 Rb3 42. Kh2 h4 43. Rd6 g5 44. Rf6+ Ke5 45. Rg6 Kf5 46. Rg8 e3 47. Rf8+
Ke4 48. Rd8 Rxb4 49. Rdd1 Rb3 50. Rc1 Rd3 51. Rc4+ Rd4 52. Rcc1 Re5 53. Rb1 Rd2
54. Rxb7 e2 55. Rbb1 Ke3 56. Rb3+ Rd3 57. Rb2 Rd2 58. Rb3+ Kf2 59. Rh1 e1=Q 60.
Rf3+ Ke2 61. Rxe1+ Kxe1 62. Rf6 Ree2 63. Rxc6 Rxg2+ 64. Kh1 Rh2+ 65. Kg1 Rdg2# 0-1

[Event "Titled Tue 26th Aug Early"]
[Site "chess.com INT"]
[Date "2025.08.26"]
[Round "11"]
[White "Sindarov, Javokhir"]
[Black "Krsnik Cohar, Ivan Vihor"]
[Result "1-0"]
[WhiteTitle "GM"]
[BlackTitle "FM"]
[WhiteElo "2722"]
[BlackElo "2362"]
[WhiteFideId "14205483"]
[BlackFideId "14520044"]
[EventDate "2025.08.26"]

1. Nf3 d5 2. g3 c6 3. Bg2 Bf5 4. c4 e6 5. Qb3 Qb6 6. d3 Nd7 7. Be3 Bc5 8. Bxc5
Nxc5 9. Qa3 Nf6 10. O-O O-O 11. Rc1 Ncd7 12. Nc3 Ng4 13. d4 Ngf6 14. b3 Rfe8 15.
e3 Ne4 16. Ne2 Bg4 17. Nf4 Bxf3 18. Bxf3 e5 19. dxe5 Nxe5 20. Bxe4 dxe4 21. Rd1
g6 22. Rd6 Qc7 23. Rad1 a6 24. Qb2 Nd3 25. Qd4 c5 26. Qf6 Rad8 27. Rd5 Rxd5 28.
Nxd5 Qe5 29. Qxe5 Rxe5 30. Nf6+ Kg7 31. Nxe4 Nb2 32. Rb1 Nxc4 33. Nc3 Nd6 34.
Rd1 Ne4 35. Nxe4 Rxe4 36. Rd7 Rb4 37. Rc7 b6 38. Rc6 a5 39. Kg2 f5 40. Kf3 h5
41. h4 Kf7 42. Kg2 Kg7 43. Kf3 Kf7 44. Ke2 Kg7 45. Kd3 Kf7 46. Kc3 a4 47. f3
axb3 48. axb3 Kg7 49. Rd6 Kf7 50. Rd7+ Ke6 51. Rd8 Ke7 52. Rg8 Kf7 53. Rc8 Kf6
54. Ra8 Kf7 55. Ra4 Rxa4 56. bxa4 Ke6 57. Kc4 Kd6 58. Kb5 Kd5 59. Kxb6 c4 60. a5
c3 61. a6 c2 62. a7 c1=Q 63. a8=Q+ Ke5 64. Qe8+ Kf6 65. Qc6+ Qxc6+ 66. Kxc6 g5
67. f4 gxh4 68. gxh4 Ke6 69. Kc5 1-0

[Event "Titled Tue 26th Aug Early"]
[Site "chess.com INT"]
[Date "2025.08.26"]
[Round "11"]
[White "Herbrig, Alexander"]
[Black "Perez Gormaz, Matias"]
[Result "0-1"]
[WhiteTitle "FM"]
[BlackTitle "IM"]
[WhiteElo "2292"]
[BlackElo "2381"]
[WhiteFideId "12952044"]
[BlackFideId "3406342"]
[EventDate "2025.08.26"]

1. d4 d5 2. Nf3 e6 3. c4 h6 4. g3 Nf6 5. Bg2 Bd6 6. O-O O-O 7. b3 b6 8. Bb2 Bb7
9. Nbd2 Nbd7 10. Ne5 Qe7 11. cxd5 exd5 12. Ndc4 Ba6 13. Nxd6 cxd6 14. Nd3 Rfe8
15. e3 Nf8 16. Re1 Ne6 17. a4 Ng5 18. a5 Bxd3 19. Qxd3 Rab8 20. Reb1 Rec8 21.
Bc3 h5 22. h4 Nge4 23. Be1 Ne8 24. axb6 Rxb6 25. Ra5 Qb7 26. Qe2 N8f6 27. Rba1
Rc7 28. f3 Nc3 29. Bxc3 Rxc3 30. Rxa7 Qc6 31. Bh3 g6 32. R7a6 Rc1+ 33. Rxc1
Qxc1+ 34. Kf2 Rxb3 35. Ra2 Rb1 36. Bf1 Kg7 37. Rc2 Qa3 38. Rd2 Ra1 39. Rd1 Ra2
40. Rd2 Ra1 41. Rd1 Qa5 42. Rxa1 Qxa1 43. Bg2 Qc1 44. g4 hxg4 45. fxg4 Qc8 46.
Kg3 Qe6 47. Bf3 Ng8 48. Qg2 Ne7 49. Kh2 Qxe3 50. Bxd5 Qf4+ 51. Kh3 Qxd4 52. Bf3
Qe5 53. Qd2 d5 54. h5 d4 55. h6+ Kh7 56. Qa2 Qf6 57. Kg2 Kxh6 58. Qa8 Kg7 59.
Qb7 Qe5 60. Qd7 Qe3 61. Qd6 Qd2+ 62. Kg3 Qe1+ 63. Kg2 Qe3 64. Qc5 Ng8 65. Kg3
Nf6 66. Kg2 Qd2+ 67. Kg3 Qe3 68. Kg2 Qf4 69. g5 Nh7 70. Qa7 Nxg5 71. Bd5 Qf6 72.
Kg3 Qe5+ 73. Kg2 Qxd5+ 74. Kg3 Qf3+ 75. Kh4 Qf4# 0-1

[Event "Titled Tue 26th Aug Early"]
[Site "chess.com INT"]
[Date "2025.08.26"]
[Round "11"]
[White "Amburgy, Ryan"]
[Black "Zakarian, David"]
[Result "1/2-1/2"]
[WhiteTitle "FM"]
[BlackTitle "FM"]
[WhiteElo "2363"]
[BlackElo "2301"]
[WhiteFideId "30924820"]
[BlackFideId "13301276"]
[EventDate "2025.08.26"]

1. Nf3 b5 2. e4 Bb7 3. Bxb5 Bxe4 4. O-O Nf6 5. d3 Bb7 6. Nc3 e6 7. Bf4 Be7 8.
Re1 O-O 9. d4 d6 10. h3 Nbd7 11. Rc1 Rb8 12. Bc4 Nb6 13. Bb3 a5 14. a4 Nbd5 15.
Nxd5 Bxd5 16. c4 Ba8 17. d5 Nd7 18. Be3 Bf6 19. dxe6 fxe6 20. c5 d5 21. Bd4 Qe7
22. Bc2 Rb4 23. Qd3 g6 24. Bxf6 Qxf6 25. Qe3 e5 26. Nxe5 Nxe5 27. Qxe5 Qxf2+ 28.
Kh2 d4 29. Re2 Qf4+ 30. Qxf4 Rxf4 31. b3 Bd5 32. Rb1 Kf7 33. Kg3 Rf6 34. Re5 Bc6
35. Rbe1 Kf8 36. Re7 Rf7 37. R7e6 Bd5 38. Ra6 Bxb3 39. Bxb3 Rxb3+ 40. Kh2 d3 41.
Rxa5 d2 42. Rd1 Rd7 43. c6 Rd6 44. Ra8+ Ke7 45. Rc8 Rc3 46. Rxc7+ Ke6 47. Rd7
Rxd7 48. cxd7 Rd3 49. Kg1 Rxd7 50. Kf2 Rd4 51. a5 Ra4 52. Rxd2 Rxa5 53. Re2+ Kf6
54. Rc2 h5 55. h4 Rf5+ 56. Kg3 Ra5 57. Rc6+ Kg7 58. Kh3 Ra3+ 59. g3 Kh6 60. Rc8
Ra4 61. Kg2 Ra2+ 62. Kf3 Ra3+ 63. Kf4 Ra4+ 64. Ke5 Ra5+ 65. Ke6 Kg7 66. Rc7+ Kh6
67. Kf7 Ra3 68. Rc8 Ra7+ 69. Kg8 Ra6 70. Rc7 Ra8+ 71. Kf7 Ra3 72. Rc8 Ra7+ 73.
Kg8 Rb7 74. Rd8 Rg7+ 75. Kf8 Ra7 76. Rd6 Ra8+ 77. Kf7 Ra7+ 78. Kf6 Ra3 79. Rd8
Rf3+ 80. Ke7 Rxg3 81. Kf7 Rf3+ 82. Kg8 Ra3 83. Rd7 Ra8+ 84. Kf7 Ra4 85. Kg8 Ra8+
86. Kf7 Ra6 87. Kg8 Ra8+ 1/2-1/2

[Event "Titled Tue 26th Aug Early"]
[Site "chess.com INT"]
[Date "2025.08.26"]
[Round "11"]
[White "Goncharov, Vladimir"]
[Black "Souleidis, Georgios"]
[Result "0-1"]
[BlackTitle "IM"]
[WhiteElo "2077"]
[BlackElo "2418"]
[WhiteFideId "34162256"]
[BlackFideId "4206827"]
[EventDate "2025.08.26"]

1. d4 Nf6 2. c4 g6 3. Nc3 Bg7 4. e4 d6 5. h3 O-O 6. Be3 a6 7. Nf3 Nbd7 8. Be2 c5
9. O-O cxd4 10. Nxd4 Nc5 11. Bf3 Bd7 12. Re1 Rc8 13. Qd2 e5 14. Nde2 Be6 15. b3
b5 16. cxb5 axb5 17. Nxb5 Nfxe4 18. Bxe4 Nxe4 19. Qb4 d5 20. f3 Nf6 21. Bc5 Re8
22. Nd6 Rb8 23. Qa3 Re7 24. Nf5 Rd7 25. Nxg7 Kxg7 26. b4 d4 27. Ng3 Qc7 28. Rac1
Qd8 29. Rxe5 d3 30. Qb2 d2 31. Rd1 Ra8 32. a3 Rd3 33. Re3 Rxe3 34. Bxe3 Kg8 35.
Rxd2 Qe7 36. Bg5 Kg7 37. Kh2 h6 38. Bxf6+ Qxf6 39. Qxf6+ Kxf6 40. Ne4+ Ke5 41.
Rd3 f5 42. Nc5 Bc4 43. Re3+ Kd4 44. Re7 Rxa3 45. Rg7 g5 46. Rg6 Ra2 47. Rxh6 Bf1
48. Kg1 Bxg2 49. Rh5 Bxf3 50. Rxg5 Ke5 51. Nd3+ Kf6 52. h4 Be4 53. Nf2 Bf3 54.
Rg3 Bd5 55. Rd3 Ra1+ 56. Kh2 Ke5 57. Kg3 Rg1+ 58. Kh3 Rb1 59. Re3+ Be4 60. Rd3
Bxd3 61. Nxd3+ Kd4 62. Nf4 Ke4 63. Ng6 f4 64. h5 f3 65. Kg3 Rg1+ 66. Kf2 Rg2+
67. Kf1 Rh2 68. b5 Rxh5 69. Nf8 Rxb5 70. Ne6 Rb1+ 71. Kf2 Rb2+ 72. Kg3 Rb6 73.
Ng5+ Ke3 74. Nxf3 Rg6+ 0-1

[Event "Titled Tue 26th Aug Early"]
[Site "chess.com INT"]
[Date "2025.08.26"]
[Round "11"]
[White "Sarveshwaran V"]
[Black "Grot, Blazej"]
[Result "0-1"]
[WhiteTitle "CM"]
[BlackTitle "CM"]
[WhiteElo "2290"]
[BlackElo "2207"]
[WhiteFideId "25699016"]
[BlackFideId "21835845"]
[EventDate "2025.08.26"]

1. e4 c5 2. Nc3 e6 3. Nf3 Nc6 4. d4 cxd4 5. Nxd4 Qc7 6. Ndb5 Qb8 7. g3 Nf6 8.
Bf4 e5 9. Bg5 a6 10. Na3 d6 11. Bxf6 gxf6 12. Nd5 Be7 13. h4 b5 14. h5 f5 15.
exf5 Bxf5 16. Bg2 Ra7 17. c3 Be6 18. Nc2 Qc8 19. Nce3 Na5 20. Nxe7 Kxe7 21. Bd5
Qc5 22. Bxe6 fxe6 23. Qg4 Rf8 24. Qg5+ Ke8 25. O-O Raf7 26. b4 Qxc3 27. Rac1
Qxb4 28. Rc8+ Kd7 29. Rxf8 Rxf8 30. Qg7+ Ke8 31. Qxh7 Nc6 32. Qg6+ Kd7 33. Qg7+
Ke8 34. h6 Qd4 35. h7 e4 36. Qg6+ Kd7 37. Rd1 Qe5 38. Ng4 Qb2 39. Qxe4 d5 40.
Qe3 Qg7 41. Qh6 Qxh6 42. Nxh6 Rh8 43. Nf7 Rxh7 44. Ng5 Rg7 45. Ne4 a5 46. Nc5+
Kd6 47. Ne4+ Kc7 48. Nc5 Re7 49. Re1 e5 50. Nd3 e4 51. Nf4 Kd6 52. Rd1 d4 53.
Kg2 b4 54. Rc1 a4 55. Rb1 Re5 56. Ne2 Rc5 57. Rd1 d3 58. Nf4 b3 59. axb3 axb3
60. f3 exf3+ 61. Kxf3 b2 62. Rxd3+ Kc7 63. Rd1 Rc1 64. Nd5+ Kb7 65. Nc3 Rxd1 66.
Kf4 b1=Q 67. Nxb1 Rxb1 68. g4 Rg1 69. Kf5 Ne7+ 70. Kg5 Kc7 71. Kh5 Kd6 72. g5
Ke6 73. g6 Rxg6 74. Kh4 Kf5 75. Kh3 Kf4 76. Kh2 Kf3 77. Kh3 Rh6# 0-1

[Event "Titled Tue 26th Aug Early"]
[Site "chess.com INT"]
[Date "2025.08.26"]
[Round "11"]
[White "Ruperez Benito, Antonio"]
[Black "Krzywda, Andrzej"]
[Result "1/2-1/2"]
[WhiteTitle "FM"]
[BlackTitle "CM"]
[WhiteElo "2328"]
[BlackElo "2149"]
[WhiteFideId "22245049"]
[BlackFideId "1114565"]
[EventDate "2025.08.26"]

1. d4 Nf6 2. Nc3 c5 3. d5 g6 4. e4 d6 5. Bb5+ Bd7 6. a4 Bg7 7. Nf3 Bxb5 8. axb5
O-O 9. O-O Nbd7 10. Nd2 a6 11. bxa6 Rxa6 12. Rxa6 bxa6 13. Nc4 Qc7 14. Re1 Rb8
15. b3 Nb6 16. Nxb6 Rxb6 17. Na4 Rb8 18. Nb2 Nd7 19. Nc4 Ne5 20. Qe2 a5 21. Bb2
Nxc4 22. Bxg7 Kxg7 23. Qxc4 Rb4 24. Qc3+ f6 25. h4 c4 26. h5 Qc5 27. hxg6 hxg6
28. Qh3 cxb3 29. cxb3 Qc7 30. Re3 Rb8 31. Rc3 Qb7 32. Rg3 Qc8 33. Qh5 Qc1+ 34.
Kh2 Qh6 35. Qxh6+ Kxh6 36. Rc3 Rb4 37. f3 Kg7 38. Kg3 Kf7 39. Kf4 a4 40. bxa4
Rxa4 41. g4 Ra1 42. g5 Rg1 43. gxf6 Kxf6 44. Rc8 Kf7 45. Rh8 Kg7 46. Rh3 Ra1 47.
Rg3 Ra4 48. Kg5 Kf7 49. Rh3 Kg7 50. Rh6 Ra3 51. Rh3 Kf7 52. Kf4 Kf6 53. Rh1 Rb3
54. Rh8 Ra3 55. Kg4 Rb3 56. Rf8+ Kg7 57. Re8 Kf7 58. Ra8 Rb1 59. Ra7 Rg1+ 60.
Kf4 Kf6 61. Ra8 Rb1 62. Rf8+ Kg7 63. Rc8 Kf7 64. Kg5 Rb3 65. f4 Rg3+ 66. Kh4 Re3
67. Rc4 Kf6 68. Kg4 Rd3 69. Rc6 Rd4 70. Kf3 Rd3+ 71. Ke2 Ra3 72. e5+ Kf5 73.
exd6 exd6 74. Rxd6 Kxf4 75. Rxg6 Ke5 76. Rg5+ Kd6 77. Kd2 Ra5 78. Kd3 Rxd5+ 79.
Rxd5+ Kxd5 1/2-1/2

[Event "Titled Tue 26th Aug Early"]
[Site "chess.com INT"]
[Date "2025.08.26"]
[Round "11"]
[White "Miserendino, Alfredo"]
[Black "Ng, Clive"]
[Result "1-0"]
[BlackTitle "FM"]
[WhiteElo "2032"]
[BlackElo "2006"]
[WhiteFideId "101800"]
[BlackFideId "3214869"]
[EventDate "2025.08.26"]

1. e4 c5 2. Nf3 Nc6 3. Bb5 g6 4. Bxc6 dxc6 5. O-O Bg7 6. Re1 e5 7. d3 Qe7 8.
Nbd2 Nf6 9. Nc4 Nd7 10. Be3 b6 11. Qd2 O-O 12. Bh6 Re8 13. Bxg7 Kxg7 14. Qg5
Qxg5 15. Nxg5 Nf8 16. Nd6 Re7 17. Nxc8 Rxc8 18. a4 a5 19. b3 h6 20. Nf3 Ne6 21.
g3 Nd4 22. Nxd4 cxd4 23. f4 c5 24. Rf1 Rce8 25. Rf2 f5 26. exf5 gxf5 27. fxe5
Rxe5 28. Raf1 Kg6 29. Rf4 h5 30. h3 Kg5 31. R1f2 Re1+ 32. Kg2 R8e5 33. R4f3 R1e2
34. Rxf5+ Rxf5 35. Rxe2 Rf6 36. Re7 Kg6 37. Re8 Kh6 38. g4 hxg4 39. hxg4 Kg5 40.
Kg3 Rf1 41. Re5+ Kf6 42. Re2 Rg1+ 43. Kf4 Rf1+ 44. Ke4 Ke6 45. Rh2 Re1+ 46. Kf4
Rf1+ 47. Kg5 Kf7 48. Rh7+ Kg8 49. Rb7 Rf2 50. Kg6 Kf8 51. Rxb6 Rxc2 52. Rb5 Rc3
53. Rxa5 Rxb3 54. Rxc5 Rxd3 55. a5 Ra3 56. Rd5 d3 57. g5 d2 58. Rxd2 Rxa5 59.
Rd8+ Ke7 60. Rb8 Rc5 61. Kh6 Rc1 62. g6 Kf6 63. Rf8+ Ke7 64. Rf5 Rh1+ 65. Kg7
Rg1 66. Re5+ Kd8 67. Kh7 Rh1+ 68. Kg8 Kd7 69. g7 Kd6 70. Rf5 Ke7 71. Re5+ Kf6
72. Re8 Rg1 73. Rf8+ Ke7 74. Kh7 Rh1+ 75. Kg8 Rh2 76. Rf7+ Ke6 77. Ra7 Rh1 78.
Kf8 1-0

[Event "Titled Tue 26th Aug Early"]
[Site "chess.com INT"]
[Date "2025.08.26"]
[Round "11"]
[White "Swayham, P Das"]
[Black "Carroll, Peter"]
[Result "0-1"]
[WhiteTitle "CM"]
[BlackTitle "FM"]
[WhiteElo "2047"]
[BlackElo "2167"]
[WhiteFideId "25611402"]
[BlackFideId "2510243"]
[EventDate "2025.08.26"]

1. d4 Nf6 2. c4 e6 3. Nc3 Bb4 4. g3 O-O 5. Bg2 c5 6. Nf3 cxd4 7. Qxd4 Nc6 8. Qd3
d5 9. Bd2 d4 10. Ne4 Bxd2+ 11. Nfxd2 Nxe4 12. Nxe4 f5 13. Nd2 e5 14. e4 dxe3 15.
Qxe3 Nd4 16. Rc1 f4 17. Qe4 Qf6 18. f3 Bf5 19. Qd5+ Kh8 20. Kf2 Rad8 21. Qa5 Nc6
22. Qc3 Rd3 23. Qc2 Rxf3+ 24. Bxf3 Bxc2 25. Rxc2 Nd4 26. Rc3 fxg3+ 27. hxg3 e4
28. Nxe4 Qc6 29. Ng5 Nxf3 30. Nxf3 Qb6+ 31. Re3 Qxb2+ 32. Re2 Qd4+ 33. Kg2 Qxc4
34. Rhe1 Qc6 35. Re4 Qc2+ 36. R1e2 Qc6 37. Ne5 Qf6 38. Rf4 Qd8 39. Nf7+ Rxf7 40.
Rxf7 Qd5+ 41. Rf3 g5 42. Kf2 Qd4+ 43. Kg2 Qd5 44. Kf2 Qd4+ 45. Kf1 Qd1+ 46. Kf2
g4 47. Rf4 Qd7 48. Re5 h6 49. Rfe4 Qd2+ 50. Re2 Qd4+ 51. Kg2 Kg7 52. Re7+ Kf6
53. R7e4 Qd5 54. Rf2+ Kg5 55. Rf4 h5 56. Kf2 Qd2+ 57. Re2 Qd6 58. Rfe4 Qc5+ 59.
Kg2 Qc6 60. Kf2 h4 61. Re5+ Kf6 62. gxh4 Qf3+ 63. Ke1 g3 64. R5e3 Qf4 65. Re6+
Kf5 66. R6e5+ Qxe5 67. Rxe5+ Kxe5 68. Kf1 Kf4 69. h5 Kg5 70. h6 Kxh6 71. Kg2 Kg5
72. Kxg3 Kf5 73. Kf3 Ke5 74. Ke3 Kd5 75. Kd3 Kc5 76. Kc3 Kb5 77. Kb3 b6 78. a3
Kc5 79. Kc3 a6 80. a4 a5 81. Kb3 Kd4 82. Ka3 Kc4 83. Ka2 Kb4 84. Kb2 Kxa4 85.
Ka2 Kb4 86. Kb2 b5 87. Ka2 a4 88. Kb2 a3+ 89. Ka2 Ka4 90. Kb1 b4 91. Ka2 b3+ 92.
Ka1 Kb4 93. Kb1 Kc4 94. Ka1 Kc3 95. Kb1 a2+ 96. Ka1 b2+ 97. Kxa2 Kc2 0-1

[Event "Titled Tue 26th Aug Early"]
[Site "chess.com INT"]
[Date "2025.08.26"]
[Round "11"]
[White "Zdorov, Egor Vit"]
[Black "Foldes, Marton Gabor"]
[Result "1-0"]
[WhiteTitle "CM"]
[BlackTitle "FM"]
[WhiteElo "2094"]
[BlackElo "2293"]
[WhiteFideId "55688560"]
[BlackFideId "794708"]
[EventDate "2025.08.26"]

1. Nf3 c5 2. g3 b6 3. Bg2 Bb7 4. O-O g6 5. d4 cxd4 6. Nxd4 Bxg2 7. Kxg2 Bg7 8.
e4 d6 9. c4 Nf6 10. Nc3 Qc8 11. b3 O-O 12. f3 Nbd7 13. Be3 a6 14. Rc1 Qb7 15.
Nd5 e6 16. Nxf6+ Nxf6 17. Qd2 Rad8 18. Bg5 Rfe8 19. Rfd1 Rd7 20. Kg1 Rc8 21. Ne2
Ne8 22. Be3 Rcd8 23. Bd4 d5 24. cxd5 exd5 25. e5 Nc7 26. f4 Ne6 27. Qe3 Bf8 28.
Bxb6 d4 29. Bxd4 Nxd4 30. Rxd4 Rxd4 31. Nxd4 Qb6 32. Nf5 Qxe3+ 33. Nxe3 Rd2 34.
Rc2 Rd3 35. Kf2 Bb4 36. Ke2 Rd7 37. Nc4 h5 38. a3 Be7 39. Rd2 Rb7 40. b4 h4 41.
Nd6 Ra7 42. Nc8 Rc7 43. Nxe7+ Rxe7 44. Rd6 Rc7 45. Kd2 h3 46. Rxa6 Rc4 47. Rd6
Kf8 48. Rd3 Ke7 49. b5 Rc5 50. Rb3 Kd7 51. b6 Kc8 52. b7+ Kb8 53. a4 Rc4 54. a5
Ra4 55. Ke3 Ra2 56. a6 Rxa6 57. Kf3 Ra2 58. Rd3 Rxh2 59. Rd8+ Kxb7 60. Rd7+ Kc6
61. Rxf7 Rh1 62. Rf6+ Kd5 63. Rd6+ Kc5 64. Rxg6 Rf1+ 65. Ke4 h2 66. Rh6 h1=Q+
67. Rxh1 Rxh1 68. g4 Kc6 69. g5 Kd7 70. Kf5 Ke7 71. Kg6 Rf1 72. f5 Re1 73. f6+
Ke6 74. f7 Rf1 75. Kh6 Rxf7 76. g6 Rf1 77. g7 Kf7 78. e6+ Kxe6 79. g8=Q+ Rf7 80.
Kg6 Ke5 81. Qxf7 1-0